000
00321 a2200157 4500
001
182157
020
_a
040
_c
Magnum
100
_a
Ribeiro, João Ubaldo
240
1
0
_a
Sargento Getúlio
_l
por
245
1
0
_a
Sargento Getúlio
300
_a
159
362
0
_a
2003
697
_a
LITERATURA GERAL
942
_c
BK
999
_c
182157
_d
182157